STN EN ISO 12217-3/A1: 2009, [neplatná] (32 0231) Malé plavidlá. Stanovovanie stability a plávateľnosti a kategorizácia Časť 3 Člny s dĺžkou trupu menšou ako 6 m. Zmena A1 (ISO 12217-3: 2002/Amd 1: 2009)

Táto zmena A STN EN ISO 12217-3: 2003 je slovenskou verziou EN ISO 12217-3: 2002/A1: 2009. Preklad zabezpečil Slovenský ústav technickej normalizácie. Táto norma má rovnaké postavenie ako majú oficiálne verzie

Podrobná bibliografia
Ďalší autori: Píš, Erich (Prekladateľ)
Médium: Program E-kniha
Jazyk:slovenčina
Fyzický popis:1 elektronický optický disk (CD-ROM) čb. 12 cm
Vydavateľské údaje: Bratislava Slovenský ústav technickej normalizácie 2009
Predmet:

MARC

LEADER 00000nam a2200000 a 4500
001 vtls010033494
003 SK-MaSNL
005 20260301131013.0
007 co bg anuua
008 160627s2009 xo ka fsu 000 0 slo
015 |a SNBS2011/02-01703 
020 |c (cen. skup. 12) (elektronická kniha) 
040 |a SNK  |b slo  |c SNK  |e AACR2 
041 0 |a slo 
044 |a xo  |c SK 
046 |a m  |m 200912 (účin.)  |n 201603 
072 7 |a 629  |x Dopravné prostriedky  |2 konspekt 
080 |a 629.51/.58  |2 2001 
080 |a 006.7/.8  |2 2001 
080 |a (437.6)  |2 2001 
080 |a (4)  |2 2001 
080 |a (083)  |2 2001 
080 |a (0.034.44)  |2 2001 
084 |a 47.080  |2 ICS 
130 0 |a STN 32 0231 [neplatná] (STN EN ISO 12217-3/A1)  |9 479649 
245 1 0 |a STN EN ISO 12217-3/A1: 2009, [neplatná] (32 0231) Malé plavidlá. Stanovovanie stability a plávateľnosti a kategorizácia  |n Časť 3  |p Člny s dĺžkou trupu menšou ako 6 m. Zmena A1 (ISO 12217-3: 2002/Amd 1: 2009)  |h elektronický zdroj  |c spracovateľ Erich Píš 
246 1 0 |a Malé plavidlá. 
246 3 |a EN ISO 12217-3/A1: 2009 E 
246 1 0 |a Stanovovanie stability a plávateľnosti a kategorizácia. Časť 3 
246 1 0 |a Člny s dĺžkou trupu menšou ako 6 m. Zmena A1 (ISO 12217-3: 2002) 
246 3 |a ISO 12217-3: 2002/A1: 2009 
260 |a Bratislava  |b Slovenský ústav technickej normalizácie  |c 2009 
300 |a 1 elektronický optický disk (CD-ROM)  |b čb.  |c 12 cm 
500 |a Názov z titulnej obrazovky 
516 |a Textové informácie (technické normy), 1 súbor vo formáte pdf 
520 8 |a Táto zmena A STN EN ISO 12217-3: 2003 je slovenskou verziou EN ISO 12217-3: 2002/A1: 2009. Preklad zabezpečil Slovenský ústav technickej normalizácie. Táto norma má rovnaké postavenie ako majú oficiálne verzie 
538 |a Technické požiadavky: MS Windows 95/98/2000/XP, Acrobat Reader 5.0 
540 |a STN vydané na akomkoľvek nosiči sa môžu rozmnožovať a rozširovať iba so súhlasom určenej právnickej osoby  |b SÚTN Bratislava  |c zákon 264/1999 Z.z. 
650 0 7 |a lode  |2 SVKBBPH  |9 28713 
650 0 7 |a člny  |2 SVKBBPH  |9 94070 
650 0 7 |a technické normy a štandardy  |z Slovensko  |2 SVKBBPH  |9 79594 
650 0 7 |a technické normy a štandardy  |z krajiny Európskej únie  |2 SVKBBPH  |9 289341 
655 7 |a normy  |2 SVKBBPH  |9 70643 
655 7 |a elektronické dokumenty  |2 SVKBBPH  |9 70518 
700 1 |a Píš, Erich  |4 trl  |9 306946 
710 2 |a Slovenský ústav technickej normalizácie (Bratislava, Slovensko)  |b TK 8 Lode a plávajúce zariadenia  |4 stn  |9 306947 
852 |a Štátna vedecká knižnica v Banskej Bystrici 
958 |a OP 
999 |c 746468  |d 748398 
952 |a SNK  |b SNK  |y PREZ  |7 0  |p 17A0676955  |o snkSTN EN ISO 12217-3/A1  |i snk2010/23783  |8 0  |0 0  |1 0  |4 0  |d 2010-10-28  |l 0  |r 2026-02-23 23:18:32  |w 2026-02-23 
952 |t snkSTN EN ISO 12217-3/A1  |a SNK  |b SNK  |y PREZ  |7 0  |p 17A0676956  |o snkSTN EN ISO 12217-3/A1 D1  |i snk2010/23784  |8 0  |0 0  |1 0  |4 0  |d 2010-10-28  |l 0  |r 2026-02-23 23:18:32  |w 2026-02-23